000 00191nam a2200085 4500
001 1257745
005 20260218140850.0
245 _aHEYBEDEKİ SIR
_cÇİĞDEM GÜNDEŞ
260 _bTUDEM YAYINLARI
999 _c1257745
_d1257745